[Event "TCh-BLR 2017"]
[Site "Minsk BLR"]
[Date "2017.05.08"]
[Round "1.1"]
[White "Teterev,V"]
[Black "Vashchilov,S"]
[Result "1-0"]
[WhiteElo "2487"]
[BlackElo "2067"]

1.Nf3 d5 2.g3 Bg4 3.Bg2 Nd7 4.c4 dxc4 5.Na3 c6 6.Nxc4 Bxf3 7.Bxf3 Ngf6 8.d4 e6
9.O-O Be7 10.Bf4 Nb6 11.Na5 Qd7 12.Rc1 O-O 13.Qb3 Nfd5 14.Bd2 Rac8 15.e4 Nf6
16.Be3 Rfd8 17.Rfd1 Bf8 18.a3 h6 19.Qc2 Qe7 20.b4 Rd7 21.Nb3 Ne8 22.Nc5 Rdc7
23.Qb3 Nd7 24.Nd3 b5 25.Bf4 Nd6 26.h4 a5 27.bxa5 Ra7 28.d5 Nc4 29.dxc6 Nxa5
30.Qxb5 Nf6 31.Be3 Raa8 32.Bb6 Qxa3 33.Ra1 {#r} 1-0

[Event "TCh-BLR 2017"]
[Site "Minsk BLR"]
[Date "2017.05.08"]
[Round "1.1"]
[White "Nikitenko,M"]
[Black "Korolev,Alexa"]
[Result "1-0"]
[WhiteElo "2408"]
[BlackElo "2040"]

1.e4 c6 2.Nc3 d5 3.Nf3 Bg4 4.h3 Bxf3 5.Qxf3 e6 6.d3 Nf6 7.Bd2 Nbd7 8.g4 Bb4
9.g5 Ng8 10.d4 Ne7 11.O-O-O Bxc3 12.Bxc3 a5 13.h4 Qc7 14.h5 dxe4 15.Qxe4 Nd5
16.Bd2 O-O-O 17.c4 Nb4 18.a3 Na6 19.c5 Ndb8 20.Bc4 g6 21.Kb1 Rde8 22.Rde1 Qd8
23.Re2 Nc7 24.Qf4 Nd5 25.Qxf7 Re7 26.Qf3 Rf8 27.Qg4 Nd7 28.hxg6 hxg6 29.Rhe1
Rff7 30.Rxe6 Rxe6 31.Qxe6 Rxf2 32.Bc1 Nc7 33.Qxg6 Qh8 34.Qg8+ Qxg8 35.Bxg8 Nb5
36.Bc4 Rg2 37.Re8+ {#r} 1-0

[Event "TCh-BLR 2017"]
[Site "Minsk BLR"]
[Date "2017.05.08"]
[Round "1.2"]
[White "Shapkin,Alexander"]
[Black "Zaiatz,E"]
[Result "0-1"]
[WhiteElo "1874"]
[BlackElo "2313"]

1.e4 e5 2.Nf3 Nc6 3.Bb5 g6 4.c3 a6 5.Bc4 Bg7 6.d4 exd4 7.cxd4 b5 8.Bb3 d6
9.O-O Nge7 10.d5 Na5 11.Bc2 O-O 12.Bd2 Nc4 13.Bc3 Nxb2 14.Qe1 Nc4 15.Bxg7 Kxg7
16.Qc3+ f6 17.a4 Bd7 18.Bb3 Ne5 19.Nd4 c5 20.dxc6 N7xc6 21.axb5 axb5 22.Rxa8
Qxa8 23.Nxb5 Qb8 24.N1a3 Rc8 25.Qd2 Nd8 26.Qxd6 Bxb5 27.Qe7+ Ndf7 28.f4 Qb6+
29.Kh1 Bxf1 30.fxe5 Qf2 {#R} 0-1

[Event "TCh-BLR 2017"]
[Site "Minsk BLR"]
[Date "2017.05.08"]
[Round "1.2"]
[White "Khamitskiy,S"]
[Black "Motovilnik,Jurij"]
[Result "1-0"]
[WhiteElo "2287"]
[BlackElo "1881"]

1.d4 Nf6 2.c4 e6 3.g3 Bb4+ 4.Nd2 O-O 5.Bg2 d5 6.Nf3 b6 7.cxd5 Nxd5 8.O-O Bb7
9.Ne5 c5 10.Qa4 cxd4 11.Ndf3 Bd6 12.Qxd4 Na6 13.Rd1 Qe7 14.e4 Bxe5 15.Nxe5
Ndb4 16.Qd7 Qxd7 17.Rxd7 Nc5 18.Rc7 Nba6 19.Re7 Rfd8 20.Be3 f6 21.b4 Bxe4
22.bxc5 Bxg2 23.Kxg2 fxe5 24.cxb6 axb6 25.Bxb6 Rd2 26.Be3 Rb2 27.Rd1 Nb4
28.Rdd7 Nd5 29.Rxg7+ Kf8 {#r} 1-0

[Event "TOP 12 Feminin GpA 2017"]
[Site "Mulhouse FRA"]
[Date "2017.05.08"]
[Round "5.2"]
[White "Tsulaia,Salome"]
[Black "David,Iris"]
[Result "1-0"]
[WhiteElo "1488"]
[BlackElo "1722"]

1.d4 Nf6 2.Nf3 e6 3.c4 b6 4.Nc3 Bb7 5.Bf4 Bb4 6.Rc1 O-O 7.e3 Re8 8.Bd3 Be7
9.h3 d6 10.O-O Nbd7 11.Be2 Rc8 12.a3 Bf8 13.b4 c5 14.d5 e5 15.Bh2 a6 16.b5
axb5 17.Nxb5 Ra8 18.Qb3 Nb8 19.Ra1 Na6 20.Rfb1 Nd7 21.Ne1 Nc7 22.Bg4 Ra6
23.Nd3 Nf6 24.Nb2 Nxg4 25.hxg4 Na8 26.Nd1 Qd7 27.f3 Be7 28.Qd3 Bf6 29.Qf5 Qd8
30.Ndc3 Bc8 31.Qh5 g6 32.Qh3 Bg7 33.Ne4 Bf8 34.Bg3 Be7 35.Kf1 f5 36.Nf2 fxg4
37.fxg4 Rf8 38.Ke2 Nc7 39.Rh1 Rf7 40.Ne4 Nxb5 41.cxb5 Ra4 42.Nf2 Qf8 43.e4 Bd7
44.Bh4 Bxb5+ 45.Ke3 Bd8 46.g5 Rxf2 47.Qe6+ Kg7 {#r} 1-0

[Event "TOP 12 Feminin GpA 2017"]
[Site "Mulhouse FRA"]
[Date "2017.05.08"]
[Round "5.3"]
[White "Leconte,M"]
[Black "Daulyte,D"]
[Result "0-1"]
[WhiteElo "2174"]
[BlackElo "2416"]

1.e4 c5 2.Nf3 Nc6 3.d4 cxd4 4.Nxd4 Nf6 5.Nc3 e5 6.Ndb5 d6 7.Bg5 a6 8.Na3 Be6
9.Nc4 Rb8 10.Ne3 Be7 11.Bxf6 Bxf6 12.Ncd5 Bg5 13.g3 O-O 14.Bg2 g6 15.O-O {#R}
0-1

[Event "TOP 12 Feminin GpB 2017"]
[Site "Mulhouse FRA"]
[Date "2017.05.08"]
[Round "3.2"]
[White "Navrotescu,A"]
[Black "Vega Gutierrez,S"]
[Result "1-0"]
[WhiteElo "2208"]
[BlackElo "2413"]

1.d4 d5 2.c4 c6 3.Nf3 Nf6 4.Nc3 e6 5.Bg5 dxc4 6.e4 b5 7.e5 h6 8.Bh4 g5 9.exf6
gxh4 10.Ne5 Qxf6 11.a4 Bb4 12.g3 Bb7 13.Bg2 h3 14.Bxh3 c5 15.O-O Nd7 16.Nxd7
Kxd7 17.dxc5+ Ke8 18.Nxb5 Rd8 19.Nd6+ Kf8 20.Qe2 Bf3 21.Qe3 Bd5 22.Bg2 Qxb2
23.Bxd5 exd5 24.Rab1 Qd2 25.Qe5 Rh7 26.Rfd1 Qc2 27.Qxd5 Qxa4 28.Ra1 Qd7
29.Qxc4 a5 30.Qc2 Kg8 31.Nb7 {#r} 1-0

[Event "TOP 12 Feminin GpB 2017"]
[Site "Mulhouse FRA"]
[Date "2017.05.08"]
[Round "5.1"]
[White "Milliet,S"]
[Black "Choisy,M"]
[Result "1-0"]
[WhiteElo "2347"]
[BlackElo "2153"]

1.e4 c5 2.Nf3 d6 3.d4 cxd4 4.Nxd4 Nf6 5.Nc3 a6 6.g3 e5 7.Nde2 Bg4 8.Bg2 Nc6
9.h3 Be6 10.Nd5 Be7 11.Be3 Bxd5 12.exd5 Nb8 13.O-O O-O 14.c4 Nbd7 15.b4 Ne8
16.Rc1 a5 17.a3 axb4 18.axb4 Ra3 19.Qd2 h6 20.c5 f5 21.c6 Ndf6 22.Ra1 Rxa1
23.Rxa1 bxc6 24.dxc6 d5 25.b5 d4 26.Nxd4 exd4 27.Qxd4 Nd6 28.b6 Nfe4 29.b7 Bf6
30.Qd5+ Kh8 31.Ra8 {#r} 1-0

[Event "TOP 12 Feminin GpB 2017"]
[Site "Mulhouse FRA"]
[Date "2017.05.08"]
[Round "5.1"]
[White "Haussernot,C"]
[Black "Safranska,A"]
[Result "0-1"]
[WhiteElo "2099"]
[BlackElo "2211"]

1.Nf3 g6 2.g3 Bg7 3.Bg2 Nf6 4.O-O O-O 5.c4 d6 6.d4 Nc6 7.Nc3 Bf5 8.Nh4 Bd7
9.e4 e5 10.d5 Nd4 11.Be3 Re8 12.f3 c5 13.dxc6 bxc6 14.Qd2 c5 15.Bg5 Be6 16.b3
Qa5 17.Rac1 Nd7 18.Be3 Qd8 19.Nb5 Nf8 20.f4 a6 21.Nc3 exf4 22.Bxf4 Ra7 23.Bg5
Qc8 24.Nd5 Bxd5 25.cxd5 a5 26.Bf6 Bxf6 27.Rxf6 Qd8 28.Rcf1 Ree7 29.Qg5 Ra8
30.R1f2 Qc7 31.Qf4 Rd8 32.Bh3 a4 33.Nf3 Nxf3+ 34.Rxf3 axb3 35.axb3 Kg7 36.Be6
Nxe6 37.dxe6 Rf8 38.g4 Qc8 39.exf7 Re6 40.Rh3 Rxf6 41.Rf3 {#R} 0-1

[Event "TOP 12 Feminin GpB 2017"]
[Site "Mulhouse FRA"]
[Date "2017.05.08"]
[Round "5.1"]
[White "Huisman,Ch"]
[Black "Neuhauser,S"]
[Result "0-1"]
[WhiteElo "1927"]
[BlackElo "2094"]

1.d4 Nf6 2.Bf4 g6 3.Nf3 Bg7 4.e3 O-O 5.Be2 d6 6.h3 Nbd7 7.O-O Qe8 8.Bh2 e5
9.c4 Qe7 10.Nc3 a6 11.Qb3 Re8 12.Rfe1 e4 13.Nd2 Nf8 14.Rac1 h5 15.Rc2 Rb8
16.Nd5 Qd8 17.Nxf6+ Bxf6 18.c5 d5 19.Bxa6 Bxh3 20.Bxb7 Bf5 21.c6 Ne6 22.a4
Bxd4 23.Qa3 Ba7 24.Rcc1 d4 25.exd4 Qxd4 26.Qe3 Qxa4 27.Qa3 Qd4 28.Qe3 Qxe3
29.fxe3 Rbd8 30.Nc4 Rd5 31.Red1 Red8 32.Rxd5 Rxd5 33.Ra1 Bc5 34.Ra8+ Kg7
35.Rc8 Rd1+ 36.Kf2 Rc1 37.b3 Rb1 38.Bxc7 Nxc7 39.Rxc7 Rxb3 40.Ba6 Be6 41.Rb7
{#R} 0-1

[Event "TOP 12 Feminin GpB 2017"]
[Site "Mulhouse FRA"]
[Date "2017.05.08"]
[Round "5.2"]
[White "Aubert,Estee"]
[Black "Retailleau,Elise"]
[Result "1-0"]
[WhiteElo "1829"]
[BlackElo "2050"]

1.Nf3 c5 2.g3 Nc6 3.Bg2 g6 4.c4 Bg7 5.Nc3 e5 6.d3 Nge7 7.O-O O-O 8.Ne1 d6
9.Nc2 Be6 10.Ne3 f5 11.Ned5 Rb8 12.a3 Kh8 13.Rb1 a6 14.b4 f4 15.Bd2 Bg4 16.h3
Bd7 17.Ne4 Nxd5 18.cxd5 Ne7 19.bxc5 Nxd5 20.Nxd6 Bc6 21.Qb3 Ne7 22.Nf7+ Rxf7
23.Qxf7 fxg3 24.fxg3 Bxg2 25.Kxg2 Qc7 26.Kh2 Qxc5 27.Bb4 Qc2 28.Bxe7 Qxd3
29.exd3 {#r} 1-0

[Event "TOP 12 Feminin GpB 2017"]
[Site "Mulhouse FRA"]
[Date "2017.05.08"]
[Round "5.3"]
[White "Steil Antoni,F"]
[Black "Bensdorp,M"]
[Result "1-0"]
[WhiteElo "2155"]
[BlackElo "2237"]

1.e4 e6 2.Nf3 d5 3.e5 c5 4.b4 d4 5.Bb5+ Bd7 6.Qe2 Nc6 7.Bxc6 Bxc6 8.b5 Bxf3
9.Qxf3 Qc7 10.O-O Ne7 11.d3 Nd5 12.Qg3 g6 13.Nd2 Bg7 14.Nc4 O-O 15.Bd2 a6
16.a4 axb5 17.axb5 b6 18.h4 Ra7 19.h5 Rfa8 20.Rxa7 Rxa7 21.h6 Bf8 22.Nd6 Qd7
23.Rb1 Bxd6 24.exd6 f6 25.Re1 Kf7 26.Bf4 Qxb5 27.Qf3 Nxf4 28.Qxf4 Qd7 29.g4 e5
30.Qe4 Qxd6 31.f4 Re7 32.f5 gxf5 33.Qxf5 Ke8 34.Ra1 Qc6 35.Re1 b5 36.g5 Qe6
37.Qe4 fxg5 38.Rf1 Qa6 39.Qd5 Qb7 40.Qg8+ Kd7 41.Rf8 e4 42.Rb8 Qxb8 43.Qxb8 e3
44.Qxb5+ Kd6 45.Kf1 g4 46.Qb6+ Kd5 47.Qb3+ Kd6 48.Qg8 e2+ 49.Ke1 Kc6 {#r} 1-0

[Event "TOP 12 Feminin GpB 2017"]
[Site "Mulhouse FRA"]
[Date "2017.05.08"]
[Round "5.3"]
[White "Verot,M"]
[Black "Sidibe,M"]
[Result "1-0"]
[WhiteElo "2047"]
[BlackElo "1881"]

1.d4 Nf6 2.c4 e6 3.Nc3 Bb4 4.Nf3 c5 5.e3 O-O 6.Bd3 d5 7.O-O cxd4 8.exd4 dxc4
9.Bxc4 Nbd7 10.Bb3 b6 11.Bg5 Bxc3 12.bxc3 Qc7 13.Qd3 Bb7 14.Bxf6 Nxf6 15.Ne5
Rac8 16.c4 Be4 17.Qe3 Rfd8 18.Rad1 Qb7 19.f3 Bf5 20.g4 Bg6 21.h4 h5 22.Nxg6
fxg6 23.Qxe6+ Kh7 24.g5 Re8 25.Qd6 Rcd8 26.Qf4 Ng8 27.d5 Rf8 28.Qd4 Ne7 29.Bc2
Qd7 30.Kg2 Qd6 31.Rde1 Rf4 32.Qe5 Rxc4 33.Bb3 Rc7 34.Qxd6 Rxd6 35.Re6 Rcd7
36.Kf2 Nf5 37.Rc1 Nxh4 38.Rc8 Rd8 39.Rc7 R6d7 40.Rxd7 Rxd7 41.Ke3 Kg8 42.Ke4
Kf8 43.d6 Nf5 44.Ke5 h4 45.Ba4 h3 46.Bxd7 h2 47.Re8+ Kf7 48.Rh8 {#r} 1-0

[Event "TOP 12 Feminin GpB 2017"]
[Site "Mulhouse FRA"]
[Date "2017.05.08"]
[Round "5.3"]
[White "De Talance,Berenice"]
[Black "Gras,D"]
[Result "1-0"]
[WhiteElo "1723"]
[BlackElo "1846"]

1.c4 e6 2.e4 d5 3.exd5 exd5 4.d4 Nf6 5.Nc3 c6 6.Nf3 Be6 7.c5 b6 8.b4 a5 9.Qa4
Qc7 10.Be2 Ra7 11.b5 bxc5 12.bxc6 c4 13.Nb5 Qxc6 14.Ne5 Bb4+ 15.Kf1 Qb6
16.Nxa7+ Nbd7 17.Nac6 Bc3 18.Qa3 Bb4 19.Nxb4 axb4 20.Qa8+ Nb8 21.Nc6 O-O
22.Nxb8 Qxd4 23.Nc6 Qc5 24.Be3 Qd6 25.Qb7 Bd7 26.Nxb4 Rb8 27.Bc5 Qe5 28.Bd4
Qd6 29.Qa7 Rxb4 30.Bc5 Qe5 31.Re1 Ra4 32.Bf3 Ne4 33.Bxe4 Rxa7 34.Bxh7+ Kxh7
35.Rxe5 Rxa2 36.Re2 Ra5 37.Bd4 Bf5 38.Ke1 Bd3 39.Rd2 Ra3 40.f3 Bf5 41.Bc5 Ra5
42.Bd4 Ra3 43.Kf2 c3 44.Rdd1 Ra2+ 45.Kg3 c2 46.Ra1 {#r} 1-0

[Event "TCh-RUS Women 2017"]
[Site "Sochi RUS"]
[Date "2017.05.07"]
[Round "6.1"]
[White "Nasybullina,Alfia"]
[Black "Kovalevskaya,E"]
[Result "0-1"]
[WhiteElo "2162"]
[BlackElo "2416"]

1.Nf3 c5 2.c4 Nf6 3.Nc3 e6 4.g3 d5 5.cxd5 exd5 6.d4 Nc6 7.Bg2 Be7 8.O-O O-O
9.Bg5 c4 10.Ne5 Be6 11.b3 Qa5 12.Nxc6 bxc6 13.Na4 Rab8 14.Bxf6 Bxf6 15.Nc5 Bf5
16.bxc4 dxc4 17.e3 Be7 18.Qf3 g6 19.g4 Bxc5 20.gxf5 Ba3 21.f6 c3 22.e4 c2
23.Qe3 Kh8 24.Qd3 Qa4 25.e5 Bb2 26.Rac1 Bxc1 27.Rxc1 Rb1 28.Rxb1 cxb1=Q+
29.Qxb1 Qxd4 30.Bxc6 Qxe5 31.Qb4 Kg8 32.Qe7 Qg5+ 33.Bg2 Rc8 {#R} 0-1

[Event "TCh-RUS Women 2017"]
[Site "Sochi RUS"]
[Date "2017.05.07"]
[Round "6.1"]
[White "Pustovoitova,D"]
[Black "Trapeznikova,D"]
[Result "1-0"]
[WhiteElo "2420"]
[BlackElo "2112"]

1.d4 d5 2.c4 e6 3.Nf3 c6 4.e3 f5 5.Bd3 Nf6 6.O-O Bd6 7.b3 Qe7 8.Bb2 O-O 9.Qc1
a5 10.Ba3 Bxa3 11.Nxa3 b6 12.Qb2 Ba6 13.Rac1 Nbd7 14.Rfd1 c5 15.cxd5 Nxd5
16.Nb5 Rfc8 17.Bc4 N7f6 18.Ne5 Bb7 19.dxc5 Rxc5 20.Nd3 Rcc8 21.Qe5 Rd8 22.Nd4
Kf7 23.Nf4 Nxf4 24.exf4 Bd5 25.Nxf5 exf5 26.Rxd5 Qxe5 27.Rxd8+ {#r} 1-0

[Event "TCh-RUS Women 2017"]
[Site "Sochi RUS"]
[Date "2017.05.07"]
[Round "6.2"]
[White "Solozhenkina,Elizaveta"]
[Black "Bodnaruk,A"]
[Result "0-1"]
[WhiteElo "2234"]
[BlackElo "2438"]

1.d4 Nf6 2.Nf3 e6 3.c4 c5 4.d5 exd5 5.cxd5 g6 6.Nc3 d6 7.Nd2 Bg7 8.e4 O-O
9.Be2 Re8 10.O-O Nbd7 11.Qc2 Ne5 12.h3 g5 13.f4 gxf4 14.Rxf4 Nfd7 15.Rf1 a6
16.a4 Qh4 17.Ra3 Kh8 18.Nd1 Rg8 19.Ne3 Nf6 20.Nf5 Bxf5 21.Rxf5 Bh6 22.Bf3 Rg6
23.Nf1 Bxc1 24.Qxc1 Rag8 25.g3 Rxg3+ 26.Nxg3 Qxg3+ 27.Kf1 Qg1+ {#R} 0-1

[Event "TCh-RUS Women 2017"]
[Site "Sochi RUS"]
[Date "2017.05.07"]
[Round "6.2"]
[White "Chernyak,Viktoria"]
[Black "Beshukova,Alina"]
[Result "1-0"]
[WhiteElo "2254"]
[BlackElo "1997"]

1.d4 Nf6 2.c4 g6 3.Nc3 Bg7 4.e4 d6 5.Nf3 O-O 6.Be2 e5 7.Be3 Ng4 8.Bg5 f6 9.Bc1
exd4 10.Nxd4 f5 11.h3 Nh6 12.exf5 Nxf5 13.Nxf5 Rxf5 14.Be3 Nc6 15.Qd2 Qf8
16.Nd5 Rf7 17.Rc1 b6 18.b4 a5 19.b5 Nd8 20.Nxc7 Rxc7 21.Qd5+ Rf7 22.Qxa8 Bb7
23.Qb8 Bxg2 24.Rg1 Rb7 25.Qc8 Be4 26.Qg4 Bf5 27.Qf3 Rf7 28.Qd5 Bb2 29.Rd1 Bc3+
30.Bd2 Be6 31.Qd3 Bxd2+ 32.Rxd2 Nb7 33.Qd4 Nc5 34.Qxd6 Rxf2 35.Qxb6 Bd7 36.Qd6
Qxd6 37.Rxd6 Rf4 38.b6 Bxh3 39.Rd5 Rf5 40.Rxc5 Rxc5 41.b7 {#r} 1-0

[Event "TCh-RUS Women 2017"]
[Site "Sochi RUS"]
[Date "2017.05.07"]
[Round "6.3"]
[White "Pogorelskikh,Sofia"]
[Black "Nebolsina,V"]
[Result "0-1"]
[WhiteElo "1964"]
[BlackElo "2284"]

1.e4 e5 2.Nf3 Nc6 3.Bb5 a6 4.Ba4 d6 5.O-O g6 6.d4 b5 7.Bb3 Bg7 8.dxe5 dxe5
9.Qxd8+ Nxd8 10.a4 Rb8 11.axb5 axb5 12.Be3 Be6 13.Nfd2 Bh6 14.Bxh6 Nxh6 15.Nc3
c6 16.Ra6 Bc8 17.Ra7 O-O 18.Nf3 Re8 19.Ng5 Rb7 20.Ra8 Rc7 21.h3 Kg7 22.Rd1 f6
23.Nf3 Nb7 24.Na2 Nc5 25.Nb4 Nxe4 26.Nxc6 Rxc6 27.Bd5 Rd6 28.Ra7+ Kh8 29.Re1
Rxd5 30.Rxe4 Nf5 31.c4 Rd7 32.Ra8 Nd6 33.Re2 bxc4 {#R} 0-1

[Event "TCh-RUS Women 2017"]
[Site "Sochi RUS"]
[Date "2017.05.07"]
[Round "6.4"]
[White "Filippova,Darya"]
[Black "Girya,O"]
[Result "0-1"]
[WhiteElo "2015"]
[BlackElo "2476"]

1.c4 e6 2.Nc3 d5 3.cxd5 exd5 4.d4 c6 5.Bf4 Nf6 6.e3 Bf5 7.Bd3 Bxd3 8.Qxd3 Nbd7
9.h3 Be7 10.Nf3 O-O 11.O-O Nb6 12.Ne5 Ne8 13.Qc2 Bd6 14.Na4 Nxa4 15.Qxa4 f6
16.Nd3 Bxf4 17.Nxf4 Qe7 18.Rac1 Nd6 19.Rc3 Ne4 20.Rc2 Kh8 21.Nd3 a6 22.Qb4 Nd6
23.Rfc1 Rf7 24.Qe1 Re8 25.Re2 Nf5 26.Rcc2 g5 27.f4 Rg7 28.fxg5 Rxg5 29.Nf4 Ng3
30.Qf2 Nxe2+ 31.Rxe2 Qe4 32.Qh4 Reg8 33.Qh6 Qe7 34.Rf2 Rg3 35.Kh2 Rxe3 36.Nh5
Qd6+ {#R} 0-1

[Event "TCh-RUS Women 2017"]
[Site "Sochi RUS"]
[Date "2017.05.07"]
[Round "6.4"]
[White "Nechaeva,Marina"]
[Black "Mukhina,Jana"]
[Result "1-0"]
[WhiteElo "2409"]
[BlackElo "2004"]

1.d4 Nf6 2.c4 e6 3.Nc3 Bb4 4.Qc2 d5 5.a3 Bxc3+ 6.Qxc3 Ne4 7.Qc2 c5 8.dxc5 Nc6
9.cxd5 exd5 10.Nf3 Qf6 11.g3 Bf5 12.Qd1 O-O 13.Bg2 Rfd8 14.O-O h6 15.Ra2 d4
16.Nd2 Nxc5 17.b4 Ne6 18.Nb3 Qe5 19.Rd2 Be4 20.Bb2 Bxg2 21.Kxg2 Rd5 22.Qc2 Qh5
23.f4 Rad8 24.Qe4 R5d6 25.Rfd1 a5 26.bxa5 Nxa5 27.Nxa5 Qxa5 28.Qxb7 Rd5 29.Qb3
Rb5 30.Qf3 f5 31.Bxd4 Nxd4 32.Rxd4 Ra8 33.Rd5 Rxd5 34.Rxd5 Qe1 35.Rxf5 Rb8
36.Qd5+ Kh7 37.Qe4 Kh8 38.a4 Kg8 39.Re5 {#r} 1-0

[Event "TCh-RUS Women 2017"]
[Site "Sochi RUS"]
[Date "2017.05.07"]
[Round "6.4"]
[White "Simakova,Elena"]
[Black "Kovanova,B"]
[Result "0-1"]
[WhiteElo "1930"]
[BlackElo "2363"]

1.e4 c5 2.Nf3 e6 3.d3 Nc6 4.g3 d6 5.Bg2 Nf6 6.O-O Be7 7.Re1 O-O 8.c3 Bd7
9.Nbd2 Qc7 10.Nf1 b5 11.h4 h6 12.Qe2 e5 13.Ne3 Rfe8 14.Nd5 Nxd5 15.exd5 Na5
16.c4 f5 17.Nh2 Bf6 18.Bd2 e4 19.Bxa5 Qxa5 20.dxe4 bxc4 21.Qxc4 Rab8 22.Nf1
Rxb2 23.Rab1 Bb5 24.Qc1 Rxb1 25.Qxb1 Bd3 26.Qd1 fxe4 27.f3 Bd4+ 28.Kh1 Bf2
29.Re2 Bxe2 30.Qxe2 e3 31.Bh3 Qe1 32.Be6+ Rxe6 33.Qxe1 Bxe1 {#R} 0-1

[Event "ch-CZE 2017"]
[Site "Ostrava CZE"]
[Date "2017.05.07"]
[Round "9.1"]
[White "Navara,D"]
[Black "Malinovsky,K"]
[Result "1-0"]
[WhiteElo "2732"]
[BlackElo "2479"]

1.c4 e6 2.Nc3 d5 3.d4 Nf6 4.cxd5 exd5 5.Bg5 c6 6.e3 Be7 7.Bd3 Nbd7 8.Nge2 O-O
9.Qc2 Re8 10.f3 Nf8 11.O-O Be6 12.Rad1 Rc8 13.Kh1 a6 14.a3 N6d7 15.Bxe7 Qxe7
16.Nf4 h6 17.Qf2 Nb6 18.e4 Red8 19.e5 c5 20.Nce2 Na4 21.Ng3 Qh4 22.Nfh5 Qxd4
23.Bh7+ Nxh7 24.Rxd4 cxd4 25.f4 Bd7 26.e6 {#r} 1-0

[Event "ch-CZE 2017"]
[Site "Ostrava CZE"]
[Date "2017.05.07"]
[Round "9.2"]
[White "Hracek,Z"]
[Black "Stocek,J"]
[Result "1-0"]
[WhiteElo "2610"]
[BlackElo "2560"]

1.e4 e6 2.d4 d5 3.e5 c5 4.c3 Nc6 5.Nf3 Bd7 6.Be2 a6 7.O-O h6 8.c4 dxc4 9.dxc5
Bxc5 10.Nbd2 Na5 11.Ne4 Qb6 12.Be3 Bxe3 13.Nd6+ Ke7 14.fxe3 Rf8 15.Nh4 Nf6
16.exf6+ gxf6 17.Nxc4 Nxc4 18.Bxc4 Rc8 19.Qd3 Qb4 20.Rad1 Rc7 21.b3 b5 22.Qd4
e5 23.Qb6 Rc6 24.Rxd7+ Kxd7 25.Qb7+ {#r} 1-0

[Event "ch-CZE 2017"]
[Site "Ostrava CZE"]
[Date "2017.05.07"]
[Round "9.4"]
[White "Blatny,P"]
[Black "Babula,V"]
[Result "0-1"]
[WhiteElo "2388"]
[BlackElo "2559"]

1.b3 e5 2.Bb2 Nc6 3.e3 Nf6 4.g3 d5 5.Bg2 Bg4 6.Ne2 Qd7 7.h3 Be6 8.d3 d4 9.e4
g5 10.Nd2 O-O-O 11.a3 Ne8 12.b4 Nd6 13.Bc1 Rg8 14.Nf3 f6 15.Bd2 Ne7 16.a4 Ng6
17.Qb1 h6 18.g4 h5 19.gxh5 Nf4 20.Nxf4 gxf4 21.Nh4 f5 22.exf5 Nxf5 23.Ng6 Bd5
24.Be4 Bxe4 25.dxe4 Qc6 26.Kd1 Qxe4 27.Re1 Qf3+ 28.Kc1 e4 29.Ne5 Qxf2 30.Qb3
e3 31.Kb2 Qxd2 32.Ka2 Qc3 33.Qe6+ Kb8 34.Rab1 Rg2 {#R} 0-1

[Event "ch-CZE 2017"]
[Site "Ostrava CZE"]
[Date "2017.05.07"]
[Round "9.7"]
[White "Simacek,P"]
[Black "Obsivac,J"]
[Result "1-0"]
[WhiteElo "2480"]
[BlackElo "2361"]

1.e4 e6 2.d4 d5 3.Nc3 Nf6 4.e5 Nfd7 5.f4 c5 6.Nf3 Nc6 7.Be3 Be7 8.Qd2 a6 9.Qf2
Qa5 10.Bd3 b5 11.dxc5 b4 12.Ne2 Nxc5 13.O-O g6 14.Ned4 Nxd4 15.Nxd4 Bb7 16.Nb3
Nxd3 17.cxd3 Qb5 18.Bc5 Bxc5 19.Qxc5 Rc8 20.Qxb5+ axb5 21.Rfc1 Ke7 22.Nd4 Kd7
23.Kf2 Rxc1 24.Rxc1 Ra8 25.Ra1 Ra5 26.Ke3 Kc7 27.g3 Kb6 28.b3 Ra8 29.Nc2 d4+
30.Kxd4 Rd8+ 31.Ke3 Ka5 32.Rc1 Rd7 33.Ne1 Kb6 34.d4 Rd8 35.Nd3 h6 36.h4 Rg8
37.Nxb4 g5 38.fxg5 hxg5 39.h5 g4 40.Nd3 f6 41.exf6 Rf8 42.Ne5 {#r} 1-0

[Event "ch-CZE 2017"]
[Site "Ostrava CZE"]
[Date "2017.05.07"]
[Round "9.8"]
[White "Kraus,To"]
[Black "Jansa,Vl"]
[Result "1-0"]
[WhiteElo "2418"]
[BlackElo "2446"]

1.d4 Nf6 2.Nf3 g6 3.Nbd2 d5 4.b4 Bg7 5.e3 O-O 6.Bb2 Bf5 7.c4 c6 8.Rc1 Nbd7
9.Be2 a5 10.b5 a4 11.Ba3 Re8 12.O-O Ne4 13.Nxe4 Bxe4 14.Ng5 Bf5 15.bxc6 bxc6
16.cxd5 cxd5 17.g4 Bh6 18.Nxf7 Kxf7 19.gxf5 Rg8 20.fxg6+ Rxg6+ 21.Kh1 Nf6
22.Bh5 Nxh5 23.Qxh5 Qd7 24.Rg1 Ra6 25.Rxg6 Rxg6 26.Rc5 Bg5 27.Qxh7+ Rg7
28.Qh5+ Kg8 29.Qf3 e6 30.Rc1 Kh7 31.Bf8 Rg6 32.Qh5+ Bh6 33.Rg1 {#r} 1-0

[Event "ch-CZE 2017"]
[Site "Ostrava CZE"]
[Date "2017.05.07"]
[Round "9.9"]
[White "Krejci,Jan2"]
[Black "Sobek,J"]
[Result "1-0"]
[WhiteElo "2520"]
[BlackElo "2202"]

1.e4 c5 2.Nf3 d6 3.d4 cxd4 4.Nxd4 Nf6 5.Nc3 a6 6.Be3 e5 7.Nf3 Be7 8.Bc4 O-O
9.O-O Nc6 10.Bb3 Be6 11.Qe2 Na5 12.Rfd1 Nxb3 13.axb3 Qc7 14.Bg5 Ng4 15.h3 Bxg5
16.Nxg5 Nf6 17.Rd3 h6 18.Nxe6 fxe6 19.Rad1 Ne8 20.Qe3 Rc8 21.R1d2 Qc5 22.Qg3
Rc7 23.Nd1 Kh7 24.Rc3 Qb6 25.Rxc7 Qxc7 26.Qd3 Rf7 27.Ne3 Qc5 28.c3 Rc7 29.b4
Qc6 30.Kh2 Kg8 31.f3 Kf7 32.Rd1 Ke7 33.c4 Rd7 34.Qc3 Nf6 35.Rc1 Qc7 36.Qe1 Qb6
37.c5 dxc5 38.Rxc5 Kf7 39.Nc4 Qc7 {#r} 1-0

[Event "ch-CZE 2017"]
[Site "Ostrava CZE"]
[Date "2017.05.07"]
[Round "9.10"]
[White "Sikorova,O"]
[Black "Kislinsky,A"]
[Result "0-1"]
[WhiteElo "2206"]
[BlackElo "2481"]

1.c4 g6 2.Nc3 Bg7 3.d4 c5 4.d5 d6 5.e4 Nf6 6.Nf3 O-O 7.Bd3 e6 8.O-O Na6 9.h3
e5 10.Ne2 Ne8 11.Nh2 f5 12.f4 Nb4 13.Bb1 fxe4 14.Bxe4 Nf6 15.Bb1 e4 16.a3 Nd3
17.Bxd3 exd3 18.Qxd3 Bf5 19.Qb3 Qb6 20.Rf3 Rfe8 21.Kf1 Qxb3 22.Rxb3 b5 23.cxb5
c4 24.Rg3 Nxd5 25.Nf3 Bd3 26.Ng1 Re4 27.Kf2 Rae8 28.Nc3 Nxc3 29.bxc3 Bxc3
30.Rxd3 cxd3 {#R} 0-1

[Event "Ostravsky Konik Open A"]
[Site "Ostrava CZE"]
[Date "2017.05.07"]
[Round "9.1"]
[White "Shilov,S"]
[Black "Zylka,Stanislaw"]
[Result "0-1"]
[WhiteElo "2167"]
[BlackElo "2305"]

1.c4 c5 2.Nf3 Nc6 3.Nc3 g6 4.g3 Bg7 5.Bg2 e5 6.d3 Nge7 7.O-O O-O 8.a3 a5 9.Bd2
Rb8 10.Qc1 Nf5 11.Nb5 d6 12.Rb1 Ra8 13.e4 Nfe7 14.b4 axb4 15.axb4 Bg4 16.h3
Bxf3 17.Bxf3 Nc8 18.Rd1 N8a7 19.bxc5 dxc5 20.Be3 Nxb5 21.Rxb5 b6 22.Qb2 Ra6
23.Be2 f5 24.Bd2 f4 25.Bg4 fxg3 26.fxg3 Qxd3 27.Rb3 Qxe4 28.Re3 Qd4 29.Qb5 Ra1
30.Qxc6 Rxd1+ 31.Bxd1 Qxd2 32.Qd5+ Qxd5 33.cxd5 e4 34.Kg2 Bd4 35.Re2 Rf6
36.Ba4 e3 37.h4 Kf8 38.Kh3 Ke7 39.Bb5 Kd6 40.Bc4 Rf1 41.Rc2 Rb1 42.h5 gxh5
43.Bd3 h6 44.Ra2 Rb2 45.Rxb2 Bxb2 46.Bc4 Ke5 {#R} 0-1

[Event "Ostravsky Konik Open A"]
[Site "Ostrava CZE"]
[Date "2017.05.07"]
[Round "9.3"]
[White "Kula,Dominik"]
[Black "Bilczewski,Kacper"]
[Result "0-1"]
[WhiteElo "2100"]
[BlackElo "2137"]

1.e4 d6 2.d4 Nf6 3.Nc3 e5 4.Nge2 Be7 5.g3 O-O 6.Bg2 c6 7.O-O b5 8.a3 a5 9.h3
Ba6 10.Be3 Nbd7 11.f4 b4 12.axb4 axb4 13.Na2 c5 14.fxe5 dxe5 15.d5 Ne8 16.Nac1
Bg5 17.Qd2 Bxe3+ 18.Qxe3 Nd6 19.Nd3 Nc4 20.Qf2 Qg5 21.h4 Qd2 22.Nec1 Qxf2+
23.Rxf2 Bb5 24.Rxa8 Rxa8 25.Nb3 Ne3 26.Ne1 c4 27.Nd2 Ra1 28.Nf3 Ng4 29.Rf1 c3
30.bxc3 Bxf1 31.Bxf1 bxc3 32.Bh3 h5 33.Kf1 Nc5 34.Bxg4 hxg4 35.Nxe5 Nxe4
36.Nxg4 Nxg3+ 37.Kf2 Nf5 38.Ng2 Ra4 39.N4e3 Nxh4 40.Ne1 Rd4 {#R} 0-1

[Event "Nakhchivan Open 2017"]
[Site "Nakhchivan AZE"]
[Date "2017.05.07"]
[Round "5.2"]
[White "Safarli,E"]
[Black "Rzayev,B"]
[Result "1-0"]
[WhiteElo "2668"]
[BlackElo "2398"]

1.e4 e5 2.Nf3 Nc6 3.Bb5 a6 4.Ba4 Nf6 5.O-O Be7 6.Re1 b5 7.Bb3 d6 8.c3 O-O 9.h3
Nd7 10.d3 Bb7 11.Nbd2 Na5 12.Bc2 c5 13.Nf1 Bf6 14.Ne3 g6 15.b4 cxb4 16.cxb4
Nc6 17.Nd5 Bg7 18.Bg5 f6 19.Be3 f5 20.Bg5 Qb8 21.d4 f4 22.dxe5 Ndxe5 23.Nxe5
dxe5 24.Bb3 Kh8 25.Nb6 h6 26.Bh4 f3 27.Nd7 Qa7 28.Nxf8 Rxf8 29.Qd7 g5 30.Bg3
Rd8 31.Qc7 Rc8 32.Qd6 Rd8 33.Qg6 fxg2 34.Rac1 Ne7 35.Qh5 Qb8 36.Rcd1 Rxd1
37.Qxd1 Nc6 38.Qd7 Nd4 39.Qxd4 {#r} 1-0